| 000 | 00634cam a22002293a 4500 | ||
|---|---|---|---|
| 001 | 14225 | ||
| 003 | PGUSA | ||
| 005 | 20140828083314.0 | ||
| 008 | 041201s2004||||xxu|||||s|||||000 | eng d | ||
| 040 |
_aPGUSA _beng |
||
| 042 | _adc | ||
| 050 | 4 | _aPT | |
| 100 | 1 |
_aAchleitner, Arthur, _d1858-1927 |
|
| 245 | 1 | 0 |
_aBergrichters Erdenwallen _h[electronic resource] / _cArthur Achleitner |
| 260 |
_bProject Gutenberg, _c2004 |
||
| 506 | _aPublic domain in the USA. | ||
| 516 | _aElectronic text | ||
| 653 | _aTales -- Germany | ||
| 830 | 0 |
_aProject Gutenberg _v14225 |
|
| 856 | 4 | 0 | _uhttp://www.gutenberg.org/ebooks/14225 |
| 942 | _cEB | ||
| 999 |
_c243480 _d243480 |
||